| 000 | 00000nam 2200000za 4500 |
| 001 | 9.576409 |
| 003 | CaOODSP |
| 005 | 20210624185126 |
| 007 | cr ||||||||||| |
| 008 | 150406|1991||||xxc|||||o f|0| 0 eng d |
| 040 | |aCaOODSP|beng |
| 043 | |an-cn--- |
| 086 | 1 |aJS74-3/8-1991E-PDF |
| 245 | 00|aSanctioning police misconduct |h[electronic resource] : |bgeneral principles. |
| 260 | |aOttawa : |bRoyal Canadian Mounted Police External Review Committee, |c[1991?]. |
| 300 | |a77 p. |
| 490 | 1 |aDiscussion paper ; |v8 |
| 590 | |a13-11-Supp|b2013-04-26 |
| 710 | 1 |aCanada. |bRoyal Canadian Mounted Police External Review Committee. |
| 775 | 08|tImposition des sanctions dans la police |w(CaOODSP)9.605616 |
| 830 | #0|aDiscussion paper series (Royal Canadian Mounted Police External Review Committee)|v8|w(CaOODSP)9.507473 |
| 856 | 40|ahttp://publications.gc.ca|qPDF|s208 KB|uhttps://publications.gc.ca/collections/collection_2013/cee-erc/JS74-3-8-1991-eng.pdf|y8 |